Statistics for Flag Close-Ups - Asia #2

Click here to take the quiz!

General Stats

  • This quiz has been taken 18 times
    (15 since last reset)
  • The average score is 11 of 12

Answer Stats

Answer% Correct
China
100%
Cyprus
100%
India
100%
Cambodia
92%
Myanmar
92%
Tajikistan
92%
Iran
83%
Mongolia
83%
Philippines
83%
Singapore
83%
Uzbekistan
83%
Oman
67%

Score Distribution

Percentile by Number Answered

Percent of People with Each Score

Your Score History

You have not taken this quiz since the last reset